Miguel Hidalgo: ensayos sobre el mito y el hombre. 1953-2003

Uloženo v:
Podrobná bibliografie
Hlavní autoři: Terán Marta (Autor), Páez, Norma (Autor)
Médium: Kniha
Jazyk:španělština
Vydáno: Madrid Fundación Mapfre tavera 2004
Edice:Iberoamérica: 200 años de convivencia independiente, 8
Témata:
Tagy: Přidat tag
Žádné tagy, Buďte první, kdo vytvoří štítek k tomuto záznamu!

MARC

LEADER 00000nam a2200000 a 4500
001 UCH4815
003 CL-VaPUC
008 090903e20040000SP |||||||||||||||||spa|d
020 |a 8484790533 
082 0 4 |a 972.03  |b TER  |2 21 
100 0 |a Terán Marta  |e author  |9 540757 
700 0 |a Páez, Norma  |e author  |9 540758 
245 1 0 |a Miguel Hidalgo: ensayos sobre el mito y el hombre. 1953-2003 
300 |a 341 p 
942 |c BK 
945 |d 20090903 00:00:00  |a dcastane 
260 |a Madrid  |b Fundación Mapfre tavera  |c 2004 
600 0 7 |a HIDALGO Y COSTILLA, MIGUEL  |2 CL-VaPUC  |9 442076 
600 0 7 |a GRITO DE DOLORES  |2 CL-VaPUC  |9 540759 
650 7 |a HISTORIA MEXICANA  |2 CL-VaPUC  |9 333909 
650 0 |a Guerra de independencia   |9 327964 
651 0 |a México  |9 255269 
583 |a last modification  |c 20090903 00:00:00  |k Rodrigo Vera 
490 0 |a Iberoamérica: 200 años de convivencia independiente, 8 
999 |c 336073  |d 336071 
952 |0 0  |1 0  |4 0  |6 972_030000000000000_TER_2004  |7 0  |8 X  |9 426968  |a FDOBUD  |b FDOBUD  |d 2019-11-22  |i 4596692  |o 972.03 TER 2004  |p 4596692  |r 2019-11-22  |w 2019-11-22  |y BK_X  |k BUD